<?xml version="1.0" encoding="UTF-8"?>
<record
    xmlns:xsi="http://www.w3.org/2001/XMLSchema-instance"
    xsi:schemaLocation="http://www.loc.gov/MARC21/slim http://www.loc.gov/standards/marcxml/schema/MARC21slim.xsd"
    xmlns="http://www.loc.gov/MARC21/slim">

  <leader>01314nam a22002417a 4500</leader>
  <controlfield tag="003">NALT</controlfield>
  <controlfield tag="005">20241121094633.0</controlfield>
  <controlfield tag="008">170314b        th ||||| |||| 00| 0 tha d</controlfield>
  <datafield tag="020" ind1=" " ind2=" ">
    <subfield code="a">9789744669292</subfield>
  </datafield>
  <datafield tag="040" ind1=" " ind2=" ">
    <subfield code="a">&#xE4C;NALT</subfield>
    <subfield code="c">NALT</subfield>
  </datafield>
  <datafield tag="050" ind1=" " ind2=" ">
    <subfield code="a">JN 30</subfield>
    <subfield code="b">&#xE02;139&#xE2A; 2559</subfield>
  </datafield>
  <datafield tag="100" ind1="0" ind2=" ">
    <subfield code="a">&#xE02;&#xE08;&#xE34;&#xE15; &#xE08;&#xE34;&#xE15;&#xE15;&#xE40;&#xE2A;&#xE27;&#xE35;</subfield>
    <subfield code="9">29833</subfield>
  </datafield>
  <datafield tag="245" ind1="1" ind2="0">
    <subfield code="a">&#xE2A;&#xE2B;&#xE20;&#xE32;&#xE1E;&#xE22;&#xE38;&#xE42;&#xE23;&#xE1B; : &#xE01;&#xE32;&#xE23;&#xE40;&#xE21;&#xE37;&#xE2D;&#xE07; &#xE19;&#xE42;&#xE22;&#xE1A;&#xE32;&#xE22; &#xE23;&#xE30;&#xE1A;&#xE1A;&#xE01;&#xE32;&#xE23;&#xE2D;&#xE20;&#xE34;&#xE1A;&#xE32;&#xE25; =</subfield>
    <subfield code="b">European Union /</subfield>
    <subfield code="c">&#xE02;&#xE08;&#xE34;&#xE15; &#xE08;&#xE34;&#xE15;&#xE15;&#xE40;&#xE2A;&#xE27;&#xE35;.</subfield>
  </datafield>
  <datafield tag="246" ind1="3" ind2="1">
    <subfield code="a">European Union.</subfield>
  </datafield>
  <datafield tag="250" ind1=" " ind2=" ">
    <subfield code="a">&#xE1E;&#xE34;&#xE21;&#xE1E;&#xE4C;&#xE04;&#xE23;&#xE31;&#xE49;&#xE07;&#xE41;&#xE23;&#xE01;.</subfield>
  </datafield>
  <datafield tag="260" ind1=" " ind2=" ">
    <subfield code="a">&#xE01;&#xE23;&#xE38;&#xE07;&#xE40;&#xE17;&#xE1E;&#xE2F; :</subfield>
    <subfield code="b">&#xE42;&#xE04;&#xE23;&#xE07;&#xE01;&#xE32;&#xE23;&#xE15;&#xE33;&#xE23;&#xE32;&#xE41;&#xE25;&#xE30;&#xE2A;&#xE34;&#xE48;&#xE07;&#xE1E;&#xE34;&#xE21;&#xE1E;&#xE4C; &#xE04;&#xE13;&#xE30;&#xE23;&#xE31;&#xE10;&#xE28;&#xE32;&#xE2A;&#xE15;&#xE23;&#xE4C; &#xE21;&#xE2B;&#xE32;&#xE27;&#xE34;&#xE17;&#xE22;&#xE32;&#xE25;&#xE31;&#xE22;&#xE18;&#xE23;&#xE23;&#xE21;&#xE28;&#xE32;&#xE2A;&#xE15;&#xE23;&#xE4C;,</subfield>
    <subfield code="c">2559.</subfield>
  </datafield>
  <datafield tag="300" ind1=" " ind2=" ">
    <subfield code="a">777 &#xE2B;&#xE19;&#xE49;&#xE32; :</subfield>
    <subfield code="b">&#xE20;&#xE32;&#xE1E;&#xE1B;&#xE23;&#xE30;&#xE01;&#xE2D;&#xE1A;, &#xE15;&#xE32;&#xE23;&#xE32;&#xE07; ;</subfield>
    <subfield code="c">21 &#xE0B;&#xE21;.</subfield>
  </datafield>
  <datafield tag="610" ind1="2" ind2="4">
    <subfield code="a">&#xE2A;&#xE2B;&#xE20;&#xE32;&#xE1E;&#xE22;&#xE38;&#xE42;&#xE23;&#xE1B;</subfield>
    <subfield code="9">16932</subfield>
  </datafield>
  <datafield tag="651" ind1=" " ind2="4">
    <subfield code="a">&#xE01;&#xE25;&#xE38;&#xE48;&#xE21;&#xE1B;&#xE23;&#xE30;&#xE40;&#xE17;&#xE28;&#xE2D;&#xE32;&#xE40;&#xE0B;&#xE35;&#xE22;&#xE19; </subfield>
    <subfield code="x">&#xE01;&#xE32;&#xE23;&#xE23;&#xE27;&#xE21;&#xE01;&#xE25;&#xE38;&#xE48;&#xE21;&#xE17;&#xE32;&#xE07;&#xE40;&#xE28;&#xE23;&#xE29;&#xE10;&#xE01;&#xE34;&#xE08;</subfield>
    <subfield code="9">11104</subfield>
  </datafield>
  <datafield tag="651" ind1=" " ind2="4">
    <subfield code="a">&#xE01;&#xE25;&#xE38;&#xE48;&#xE21;&#xE1B;&#xE23;&#xE30;&#xE40;&#xE17;&#xE28;&#xE2D;&#xE32;&#xE40;&#xE0B;&#xE35;&#xE22;&#xE19;</subfield>
    <subfield code="x">&#xE04;&#xE27;&#xE32;&#xE21;&#xE2A;&#xE31;&#xE21;&#xE1E;&#xE31;&#xE19;&#xE18;&#xE4C;&#xE01;&#xE31;&#xE1A;&#xE15;&#xE48;&#xE32;&#xE07;&#xE1B;&#xE23;&#xE30;&#xE40;&#xE17;&#xE28;</subfield>
    <subfield code="9">33619</subfield>
  </datafield>
  <datafield tag="850" ind1=" " ind2=" ">
    <subfield code="a">NALT</subfield>
  </datafield>
  <datafield tag="942" ind1=" " ind2=" ">
    <subfield code="2">lcc</subfield>
    <subfield code="c">GB</subfield>
  </datafield>
  <datafield tag="999" ind1=" " ind2=" ">
    <subfield code="c">92562</subfield>
    <subfield code="d">92562</subfield>
  </datafield>
  <datafield tag="998" ind1=" " ind2=" ">
    <subfield code="j">104</subfield>
    <subfield code="k"> &#xE19;&#xE32;&#xE07;&#xE2A;&#xE32;&#xE27;&#xE2A;&#xE32;&#xE22;&#xE1D;&#xE19;  &#xE14;&#xE35;&#xE07;&#xE32;&#xE21;</subfield>
  </datafield>
  <datafield tag="952" ind1=" " ind2=" ">
    <subfield code="0">0</subfield>
    <subfield code="1">0</subfield>
    <subfield code="2">lcc</subfield>
    <subfield code="4">0</subfield>
    <subfield code="7">0</subfield>
    <subfield code="8">CGBL</subfield>
    <subfield code="a">NALT</subfield>
    <subfield code="b">NALT</subfield>
    <subfield code="c">GEN</subfield>
    <subfield code="d">2017-03-14</subfield>
    <subfield code="l">0</subfield>
    <subfield code="o">JN 30 &#xE02;139&#xE2A; 2559</subfield>
    <subfield code="p">3961204917</subfield>
    <subfield code="r">2017-03-14 00:00:00</subfield>
    <subfield code="t">&#xE09;.1</subfield>
    <subfield code="w">2017-03-14</subfield>
    <subfield code="y">GB</subfield>
  </datafield>
  <datafield tag="952" ind1=" " ind2=" ">
    <subfield code="0">0</subfield>
    <subfield code="1">0</subfield>
    <subfield code="2">lcc</subfield>
    <subfield code="4">0</subfield>
    <subfield code="7">0</subfield>
    <subfield code="8">CGBL</subfield>
    <subfield code="a">NALT</subfield>
    <subfield code="b">NALT</subfield>
    <subfield code="c">GEN</subfield>
    <subfield code="d">2017-03-14</subfield>
    <subfield code="l">0</subfield>
    <subfield code="o">JN 30 &#xE02;139&#xE2A; 2559</subfield>
    <subfield code="p">3961204916</subfield>
    <subfield code="r">2017-03-14 00:00:00</subfield>
    <subfield code="t">&#xE09;.2</subfield>
    <subfield code="w">2017-03-14</subfield>
    <subfield code="y">GB</subfield>
  </datafield>
  <datafield tag="952" ind1=" " ind2=" ">
    <subfield code="0">0</subfield>
    <subfield code="1">0</subfield>
    <subfield code="2">lcc</subfield>
    <subfield code="4">0</subfield>
    <subfield code="7">0</subfield>
    <subfield code="8">CSEN</subfield>
    <subfield code="a">NALT</subfield>
    <subfield code="b">NALT</subfield>
    <subfield code="c">GEN</subfield>
    <subfield code="d">2022-03-10</subfield>
    <subfield code="l">2</subfield>
    <subfield code="m">2</subfield>
    <subfield code="o">JN 30 &#xE02;139&#xE2A; 2559</subfield>
    <subfield code="p">0100008402001</subfield>
    <subfield code="r">2023-05-02 00:00:00</subfield>
    <subfield code="s">2023-04-18</subfield>
    <subfield code="w">2022-03-10</subfield>
    <subfield code="y">GB</subfield>
  </datafield>
</record>
